000 01242nam0a22002771 4500
001 rc\3454639
005 20130115123832.0
021 _aRU
_bП1970-74
035 _a(NLR Aleph) 007882875
090 _a7928992
_c7928992
100 _a20130115d1974 |||y0rusy50 ca
101 0 _arus
102 _aRU
105 _ay z |||||
200 1 _aПути развития и совершенствования технологических процессов производства рисованных кинофильмов
_fСост. А.С. Осипенков
_gГос. ком. Совета Министров СССР по кинематографии (Госкино СССР). Всесоюз. науч.-исслед. кинофотоинститут (НИКФИ)
210 _aМосква
_cБ. и.
_d1974
215 _a19 с.
_d20
225 1 _aОбзор отечественной и иностранной литературы по кинотехнике
_vВып. 4
300 _aНа обл. сост. не указан
320 _aБиблиогр.: с. 17-18
700 1 _aОсипенков
_bА. С.
_4220
801 0 _aRU
_bNLR
_gpsbo
801 1 _aRU
_bELAR
_2rusmarc
852 _aNLR
_jП10/4473
942 _cBOOK
980 _aNB